Statistics for USA Cities With The Largest Population Containing LettersU,SandA InTheir Name

Click here to take the quiz!

General Stats

  • This quiz has been taken 21 times
    (13 since last reset)
  • The average score is 3 of 10

Answer Stats

PopulationAnswer% Correct
947980Austin
75%
403505Tulsa
58%
311268Saint Louis
50%
197081Augusta
33%
302398Saint Paul
25%
260999Saint Petersburg
17%
174360Sioux Falls
17%
267112Chula Vista
8%
152771Sunnyvale
8%
143378Syracuse
8%

Score Distribution

Percentile by Number Answered

Percent of People with Each Score

Your Score History

You have not taken this quiz since the last reset